Interpretation of Mass Spectra (Record no. 2812)

MARC details
000 -LEADER
fixed length control field 00467nam a2200169 a 4500
020 ## - INTERNATIONAL STANDARD BOOK NUMBER
ISBN 0935702040 (hardcover)
020 ## - INTERNATIONAL STANDARD BOOK NUMBER
ISBN 9780935702040 (hardcover)
082 ## - DEWEY DECIMAL CLASSIFICATION NUMBER
Classification number 543.0873MCL
100 1# - MAIN ENTRY--AUTHOR NAME
Personal name Mclafferty, F.w.
245 10 - TITLE STATEMENT
Title Interpretation of Mass Spectra
250 ## - EDITION STATEMENT
Edition statement 3rd ed.
260 ## - PUBLICATION, DISTRIBUTION, ETC. (IMPRINT)
Place of publication California
Name of publisher Univ Science Books,
Year of publication 1980.
300 ## - PHYSICAL DESCRIPTION
Number of Pages XVII,303 p. ;
650 ## - SUBJECT ADDED ENTRY--TOPICAL TERM
Topical Term Mass spectrometry
856 40 - ELECTRONIC LOCATION AND ACCESS
Uniform Resource Identifier http://10.10.170.122:8080/browse/book/24618
942 ## - ADDED ENTRY ELEMENTS (KOHA)
Koha item type Books
Holdings
Withdrawn status Lost status Home library Current library Date acquired Full call number Accession Number Koha item type
    Central Library, QUEST, Nawabshah Central Library, QUEST, Nawabshah 10/09/2014 MCL 17441 Books
    Central Library, QUEST, Nawabshah Central Library, QUEST, Nawabshah 10/09/2014 MCL 17442 Books
    Reference Section Reference Section 13/05/2014 543.0873MCL (Shelf - 33C) 17379 Books